00690nam a2200217 i 4500001000700000003000900007005001700016007000300033008004100036020001800077100002800095245014300123250001300266260003700279300002700316490000800343650004600351700004600397830000800443852002100451113492ES-MaACL20230906185919.0t|061121s1985 sp d |||| | spa d a84-7153-192-51 aPabón, José Manuel.10aDiccionario manual griego-español / cpor José M. Pabón S. de Urbina ; con un apéndice gramatical por Manuel Fernández Galianao. a17ª ed. aBarcelona : bBiblograf, c1985. aXVI, 711 p. ; c20 cm.1 aVox04aLengua griega-vDiccionarios-xEspañol.1 aFernández-Galiano, Manuel (d1918-1988)0 aVox aES-MaACLjL-9302